| 000 | 00000nam##2200000za#4500 |
| 001 | 9.643089 |
| 003 | CaOODSP |
| 005 | 20210624224016 |
| 007 | cr ||||||||||| |
| 008 | 150407|2004||||xxc|||||o f|0| 0 fre|d |
| 040 | |aCaOODSP|bfre |
| 043 | |an-cn--- |
| 086 | 1 |aCW66-397/2004F-PDF |
| 110 | 2 |aService canadien de la faune. |
| 245 | 10|aLes dons écologiques - portrait de donateurs : |h[ressource électronique]|bDon et Ruth Bucknell - une servitude de conservation dans le comté d'Oxford – le lac Mud |
| 260 | |aDownsview - Ontario : |bEnvironnement Canada. |c[2004]. |
| 300 | |a1p.|bphotographies |
| 590 | |a14-21-Supp|b2014-12-11 |
| 691 | 07|aDon|2gcpds |
| 691 | 07|aConservation de l'environnement|2gcpds |
| 775 | 08|tEcological gifts - donor profile : |w(CaOODSP)9.699074 |
| 856 | 40|ahttp://publications.gc.ca|qPDF|s92 Ko|uhttps://publications.gc.ca/collections/collection_2014/ec/CW66-397-2004-fra.pdf |